MDQL
is popping MORE tags! Check the
thread
!
Quizzes
Events
Quiz Creation
Community
Videos
Private Events
Remove Ads
Sign In
Join for FREE
Feedback
Dark Mode
Quiz Categories
Sports
Geography
Music
Movies
Television
Just For Fun
Miscellaneous
History
Literature
Language
Science
Gaming
Entertainment
Religion
Holiday
For Kids
Quiz Lab
Recent
Popular Today
Quiz Kudos Today
Editor Picks
Curator Picks
Quizzes by...
Day
Popularity
Type
Ratings
Length
Year
Community
Subscriptions
Recent Discussions
Orange Saloon
Badges
Playlists
Quests
Create
Leaderboards
Showdown
Live 5
Trivia Bingo
Activity
Puzzle Library
Sporcle Events
Private Events
Virtual Trivia
Globe League
Become a Host
Pub Owners
SporcleCon
Opinionation
Our Games
Videos
Blog
Mobile Apps
Partnerships
Remove Ads and Go Orange
Feedback
Science
Computer
Plants
Astronomy
Chemistry
Elements
Math
Animal
Physics
Anatomy
Biology
Geology
General Science
Science
Computer
Plants
Astronomy
Chemistry
Elements
Math
Animal
Physics
Anatomy
Biology
Geology
General Science
Random Quiz
Search Sporcle
×
Quiz Lab
Quiz Lab
Science
United States
Type in answers that appear in a list
Type in answers that appear in a list
Classic
Best Score? Go Orange.
Brookings Inst.- Cities - Most Patents in Last 5 Yrs Stats
Can you name the Brookings Inst.- Cities - Most Patents in Last 5 Yrs?
By
tallonator
10m
30 Questions
64 Plays
64 Plays
64 Plays
Comments
Comments
Give Quiz Kudos
Give Quiz Kudos
-
- Ratings
hide this ad
More Info
Replay
Link that replays current quiz
Next Quiz
Link to next quiz in quiz playlist
You Got
0%
They Got
Avg Score
86%
Avg Friend Score
Upgrade to see
Score Distribution
Jump to the score distribution portion of the page
Score
0/30
Timer
10:00
0
Plays Today
Rank/Patents
Metro Area/City
% Correct
Third/
6,907
New York City
96.9%
Fourth/
5,456
Los Angeles
95.3%
Second/
7,003
San Francisco
93.8%
Fifth/
3,968
Seattle
93.8%
First/
9,237
San Jose
92.2%
Seventh/
3,886
Chicago
92.2%
Thirteenth/
2,202
Houston
92.2%
Eighteenth/
1,437
Phoenix
92.2%
Sixth/
3,965
Boston
90.6%
Eighth/
3,165
San Diego
90.6%
Tenth/
2,720
Detroit
90.6%
Eleventh/
2,497
Austin
90.6%
Fourteenth/
1,945
Dallas
90.6%
Fifteenth/
1,844
Portland
90.6%
Sixteenth/
1,506
Atlanta
90.6%
Rank/Patents
Metro Area/City
% Correct
Seventeenth/
1,479
Washington, D.C.
90.6%
Twenty Third/
950
Cleveland
90.6%
Twelfth/
2,370
Philadelphia
89.1%
Twenty Ninth/
775
Denver
89.1%
Ninth/
3,068
Minneapolis
87.5%
Twenty Seventh/
780
Miami
87.5%
Twenty Eighth/
776
Milwaukee
87.5%
Thirtieth/
735
St. Louis
87.5%
Nineteenth/
1,273
Raleigh
85.9%
Twenty Sixth/
800
Pittsburgh
85.9%
Twenty Second/
1,192
Cincinnati
82.8%
Twenty Fourth/
846
Albany
82.8%
Twenty First/
1,198
Rochester
76.6%
Twenty Fifth/
826
Burlington
59.4%
Twentieth/
1,226
Poughkeepsie
29.7%
Quiz Playlist
Details
Report
Send in Message
Add To Playlist
More Info:
This not an exhaustive list, this merely the top 30 metros for patent generation, some are very predictable and others not so much
Classic:
Type in answers that appear in a list
Quiz Source
Last Updated: Feb 16, 2017
Quiz Scoreboard
CHALLENGE
Sign Up to Join the Scoreboard
Show All
Scores
Hide
Comments
May contain spoilers
Recently Published
Colored Red Africa Blitz
by spor1
Geography
30s
Find the 'City' Movie
by crazypaving
Movies
60s
5x2 Blitz: Bands
by SL_Kpop136
Music
30s
More to Explore
Quiz From the Vault
Featured Blog Post
14 Easter Pick-up Lines to Find Eggs With
hide this ad
You Might Also Like...
Tags
United States Quiz
Development Index
Development Report
Economy
metro
metropolitan
patent
Powerful
research
stem
Top 30
trend
Today's Top Quizzes in Science
Browse Science
hide this ad
Today's Top Quizzes in United States
Browse United States
Top Contributed Quizzes in Science
1
Windmill: Elements
2
200 Vogels in Nederland
3
Square Numbers Scrambled (1-50)
4
Count to 60
5
Glycolysis
6
Elements In Images
7
17 TIMES TABLE
8
4-letter Elementary Words III
9
The First 100 Digits of Pi
10
Astronomy Spelling Bee
Explore More
Trending Topics
Kpop
Anime
Harry Potter
Crossword
Marvel
NBA
Disney
Pokémon
Song
Puzzle
Soccer
WWE
The Office
NFL
Country
hide this ad
More By:
tallonator
Quiz
Plays
Rating
Category
Featured
Created
20 Largest 'S' US Metro Areas
72,004
4.31
Geography
Jan 1, 2013
Cars Available in 1920
22,339
4.55
History
Mar 31, 2015
World's Fairs
19,734
4.33
History
Nov 1, 2011
Star Wars Line Assignments
16,018
4.51
Movies
Sep 10, 2017
Steven Spielberg Best Director Golden Globe Wins & Noms
4,607
4.43
Movies
Sep 2, 2017
Go to Creator's Profile
Score Distribution
Quiz Creator Spotlight
tallonator
Follow
Send a Message
Quizzes Created
-
Created Quiz Play Count
-
More By This Creator
Popular Quizzes Today
1
Colored Red Africa Blitz
2
Find the US States - No Outlines Minefield
3
Find the 'City' Movie
4
5x2 Blitz: Bands
5
The Countries of the World
6
Find the US States
7
Find the Countries of Europe - No Outlines Minefield
8
US States
More Science Quizzes
Click the Insect Orders
Published
Trending Quizzes
Colored Red Europe Blitz I
Colored Red Europe Blitz II
Colored Red Africa Blitz II
Colored Red Europe Blitz III
Colored Red Africa Blitz III
Recently Updated
How Do You Spell That?
pecheneg
Godzilla Movies
pecheneg
Grab Bag: 4-10 Letters
pecheneg
2024 March Madness Bracket
pecheneg
Famous TV Couples
Peacemaker
Champions League XIs: Real Madrid
pecheneg
Largest US Cities 1790-2010
pecheneg
Rides in Walt Disney World
pecheneg
Most Oscar Losses (Acting)
pecheneg
Beyoncé Albums
pecheneg
Trending Topics
NBA
Kpop
Harry Potter
Disney
Anime
Marvel
Crossword
Pokémon
NFL
Song
The Office
Country
Soccer
WWE
Puzzle
Your Account Isn't Verified!
In order to create a playlist on Sporcle, you need to verify the email address you used during registration. Go to your
Sporcle Settings
to finish the process.
Report this User
Report this user for behavior that violates our
Community Guidelines
.
Details:
Send Report
Go to the Sporcle.com Mobile Site →
Comments